000 00801cam a2200217 4500
001 ABS62787
008 000000n2000 000 0 eng u
035 _a(Sirsi) u108010
100 _aBarsby, A.
245 4 _aThe Access to Neighbouring Land Act 1992
260 _c2000
490 _aNew Law Journal
_v150(6949) 18 August 2000, 1256-1257(2)
520 _aQuestions the workings of the Access to Neighbouring Land Act 1992 and considers the problems that can occur. Looks at the meaning of the phrase 'reasonably necessary' and restrictions to a landlowners use of his land once an order has been served.
590 _aABS
650 _aACCESS TO NEIGHBOURING LAND ACT 1992
650 _aACCESS ORDERS
650 _aLANDOWNERS
650 _aDISPUTES
690 _aPROPERTY
942 _n0
999 _c64527
_d64527